Datum a čas kvízu
37
Celkem bodů
Celkový počet nahraných bodů na tomto kvízu bez doplňovacích otázek.
4.
Pořadí na kvízu
Konečné umístění týmu na tomto kvízu.
Zaznamenané odpovědi
| # | Otázka | Odpověď | Body | Výsledky |
|---|---|---|---|---|
| 1. | Jedinou ženou zvolenou v pátek... | Žídková | 1 | |
| 2. | Po téměř šestileté přestávce s... | Victoria’s Secret | 1 | |
| 3. | Minulý týden měla premiéru fil... | Výjimečný stav, Jan Hřebejk | 0.5 | |
| 4. | Výrobce obuvi Crocs přišel s o... | pro psy | 0 | |
| 5. | Ve kterém sportu na sebe minul... | v šipkách | 1 | |
| 6. | Tentokrát se v gastronomickém... | konvektomat | 1 | |
| 7. | Napište dvě slova pocházející... | sous-vide | 1 | |
| 8. | Nyní se podíváme na symboly, k... | č. 5 | 1 | |
| 9. | Napište značku nádobí, kterou... | Remoska | 1 | |
| 10. | Tuto sadu příborů používáme př... | šneci/ hlemýždi | 1 |